The mcgraw-hill handbook of business letters / (Record no. 346847)
[ view plain ]
| 000 -LEADER | |
|---|---|
| fixed length control field | 00828 a2200169 4500 |
| 020 ## - INTERNATIONAL STANDARD BOOK NUMBER | |
| International Standard Book Number | 0071135898 (hardcover) |
| 020 ## - INTERNATIONAL STANDARD BOOK NUMBER | |
| International Standard Book Number | 9780071135894 (hardcover) |
| 090 ## - LOCALLY ASSIGNED LC-TYPE CALL NUMBER (OCLC); LOCAL CALL NUMBER (RLIN) | |
| -- | 4402 |
| -- | 4402 |
| 100 1# - MAIN ENTRY--PERSONAL NAME | |
| Personal name | Poe, Roy W. |
| 245 14 - TITLE STATEMENT | |
| Title | The mcgraw-hill handbook of business letters / |
| Statement of responsibility, etc. | Roy W. Poe. |
| 250 ## - EDITION STATEMENT | |
| Edition statement | 3rd ed. |
| 260 ## - PUBLICATION, DISTRIBUTION, ETC. | |
| Place of publication, distribution, etc. | [S.l.] : |
| Name of publisher, distributor, etc. | McGraw-Hill Professional, |
| Date of publication, distribution, etc. | 1994. |
| 300 ## - PHYSICAL DESCRIPTION | |
| Extent | 1 v. (unpaged) ; |
| Dimensions | 24 cm. |
| 520 ## - SUMMARY, ETC. | |
| Summary, etc. | A guide to the fundamentals of a business and personal writing style. Key rules of grammar are reviewed to facilitate correct structure, spelling and punctuation. Basic letter elements and formats are then described, and extensive examples of good and bad writing styles are provided. |
| 856 40 - ELECTRONIC LOCATION AND ACCESS | |
| Materials specified | Amazon.com |
| Uniform Resource Identifier | <a href="http://www.amazon.com/exec/obidos/ASIN/0071135898/chopaconline-20">http://www.amazon.com/exec/obidos/ASIN/0071135898/chopaconline-20</a> |
| 942 ## - ADDED ENTRY ELEMENTS (KOHA) | |
| Institution code [OBSOLETE] | NBS |
| Koha item type | Book |
| Call number prefix | 808.066651 POE |
| Withdrawn status | Lost status | Damaged status | Not for loan | Permanent Location | Current Location | Date acquired | Total Checkouts | Full call number | Barcode | Date last seen | Price effective from | Koha item type |
|---|---|---|---|---|---|---|---|---|---|---|---|---|
| Central Library (CL) | Central Library (CL) | 08/28/2013 | 808.066651 POE | NBS293 | 04/21/2016 | 08/28/2013 | Book |
